30 liczb w 20 sekund - Statystyki

Ogólne statystyki
  • Ten quiz został rozwiązany 913 razy
  • Średni wynik to 26 z 30
Statystyki odpowiedzi
LICZBA % Poprawnych
1
100%
2
99%
3
99%
4
98%
5
98%
6
98%
7
98%
8
97%
9
97%
11
95%
12
95%
10
94%
13
93%
14
93%
15
92%
16
90%
17
89%
18
88%
19
85%
21
81%
20
80%
22
77%
23
77%
24
73%
25
70%
26
67%
27
64%
28
61%
29
58%
30
53%
Nie znaleziono quizów pasujących do podanych kryteriów
Rozkład punktacji
Procent ludzi z każdym wynikiem
Percentyl według liczby udzielonych odpowiedzi
Twoja historia wyników
Nie rozwiązałeś tego quizu